Hegel: la conciencia de la modernidad

Đã lưu trong:
Chi tiết về thư mục
Tác giả chính: Jaeschke, Walter (Tác giả)
Định dạng: Sách
Ngôn ngữ:Tiếng Tây Ban Nha
Được phát hành: Madrid Akal 1998
Phiên bản:1a. ed
Loạt:Historia del Pensamiento y la Cultura, 33
Những chủ đề:
Các nhãn: Thêm thẻ
Không có thẻ, Là người đầu tiên thẻ bản ghi này!

MARC

LEADER 00000cam a2200000 a 4500
001 UCN1730
003 CL-VaPUC
005 20230421074440.0
008 010504e19980000SP |||||||||||||||||spa|d
999 |c 294963  |d 294961 
020 |a 844600884X 
040 |c Pontificia Universidad Católica de Valparaíso 
082 0 4 |a 141  |b JAE  |2 21 
100 |a Jaeschke, Walter  |e author  |9 457015 
245 1 0 |a Hegel: la conciencia de la modernidad 
250 |a 1a. ed 
260 |a Madrid  |b Akal  |c 1998 
300 |a 72 p 
490 0 |a Historia del Pensamiento y la Cultura, 33 
583 |a last modification  |c 20150731 03:45:56  |k Rodrigo Vera 
600 0 |a Hegel, Georg Wilhelm Friedrich  |d 1770-1831  |9 860268 
650 0 |a Filosofía alemana   |9 265002 
650 0 |a Idealismo  |9 265685 
650 0 |a Escuelas filosóficas   |9 266232 
650 0 |a Filosofía de la naturaleza  |9 265899 
650 0 |a Lógica  |9 256849 
650 0 |a Metafísica  |9 265649 
650 0 |a Filosofía del espíritu  |9 320175 
942 |c BK  |2 ddc 
945 |d 20010504 00:00:00  |a vberengu 
952 |0 0  |1 0  |4 0  |6 141_000000000000000_JAE_1998  |7 0  |8 A  |9 347734  |a BIBEDU  |b BIBEDU  |d 2019-11-20  |i 3625362  |o 141 JAE 1998  |p 3625362  |r 2019-11-20  |w 2019-11-20  |y BK  |k FIL 
952 |0 0  |1 0  |3 erb  |4 0  |6 141_000000000000000_JAE_1998  |7 0  |8 A  |9 347735  |a BIBEDU  |b BIBEDU  |i 5193087  |o 141 JAE 1998  |p 5193087  |r 2019-11-20  |w 2019-11-20  |y BK  |z Catalogado en:20150806  |k FIL